Ciencia y tecnología en la Cuenca del Pacífico
Saved in:
| Main Author: | |
|---|---|
| Format: | Book |
| Language: | Spanish |
| Published: |
Santiago
Universidad de Chile
1976
|
| Series: | Estudios Internacionales
|
| Subjects: | |
| Tags: |
Add Tag
No Tags, Be the first to tag this record!
|
MARC
| LEADER | 00000nam a2200000 a 4500 | ||
|---|---|---|---|
| 001 | UCY3369 | ||
| 003 | CL-VaPUC | ||
| 005 | 20241111121455.0 | ||
| 008 | 941222e19760000cl 1 spa d | ||
| 082 | 0 | 4 | |a 338.926 |b ORR |2 21 |
| 100 | |a Orrego Vicuña, Francisco |e autor |9 452093 | ||
| 245 | 1 | 0 | |a Ciencia y tecnología en la Cuenca del Pacífico |
| 260 | |a Santiago |b Universidad de Chile |c 1976 | ||
| 300 | |a 336 p | ||
| 490 | 0 | |a Estudios Internacionales | |
| 583 | |a last modification |c 19941222 00:00:00 |k Rodrigo Vera | ||
| 650 | 0 | 0 | |a Transferencia de tecnología |9 259659 |
| 650 | 0 | 0 | |a Asistencia técnica |9 259669 |
| 650 | 0 | 0 | |a Tecnología |9 256742 |
| 650 | 0 | 0 | |a Ciencia |9 255691 |
| 651 | 0 | |a América Latina |9 255027 | |
| 942 | |c BK | ||
| 945 | |a mfernand |d 19941222 00:00:00 | ||
| 546 | |a En Español | ||
| 518 | |p Seminario Trans-Pacífico sobre Ciencia y Tecnología: transferencia y Adquisición para el Desarrollo Nacional en la Cuenca | ||
| 999 | |c 382332 |d 382330 | ||
| 952 | |0 0 |1 0 |4 0 |6 338_926000000000000_ORR_1976 |7 0 |8 A |9 503956 |a BIBGIM |b BIBGIM |d 2020-01-23 |i 1983121 |o 338.926 ORR 1976 |p 1983121 |r 2025-01-15 |w 2020-01-23 |y BK |k ORI | ||